Quản lý tài chính doanh nghiệp

সংরক্ষণ করুন:
গ্রন্থ-পঞ্জীর বিবরন
সংস্থা লেখক: Bộ tài chính
বিন্যাস: গ্রন্থ
ভাষা:Undetermined
প্রকাশিত: Hà Nội Tài chính 2003
বিষয়গুলি:
ট্যাগগুলো: ট্যাগ যুক্ত করুন
কোনো ট্যাগ নেই, প্রথমজন হিসাবে ট্যাগ করুন!
Thư viện lưu trữ: Trung tâm Học liệu Trường Đại học Cần Thơ
LEADER 00536nam a2200193Ia 4500
001 CTU_74080
008 210402s9999 xx 000 0 und d
020 |b 5000 
082 |a 352.4 
082 |b B450 
110 |a Bộ tài chính 
245 0 |a Quản lý tài chính doanh nghiệp 
245 0 |c Bộ Tài chính 
260 |a Hà Nội 
260 |b Tài chính 
260 |c 2003 
650 |a Accounting law,Industrial management 
904 |i Năm 
980 |a Trung tâm Học liệu Trường Đại học Cần Thơ